Real Sociedad 2020's Starting XI - Statistics

General Stats
  • This quiz has been taken 1,356 times
    25 since last reset
  • The average score is 16 of 36
Answer Stats
Player % Correct
Álex Remiro
95%
Takefusa Kubo
95%
Alexander Isak
91%
Alexander Sørloth
91%
Mikel Oyarzabal
91%
Martín Zubimendi
86%
Mikel Merino
82%
Martin Ødegaard
77%
Gonçalo Guedes
68%
Kieran Tierney
68%
Jon Martin
64%
Luka Sučić
55%
Willian José
55%
Ander Barrenetxea
50%
Brais Méndez
50%
Duje Ćaleta-Car
50%
Hamari Traoré
50%
Nayef Aguerd
45%
Robin Le Normand
45%
Sergio Gómez
45%
Jon Aramburu
41%
Carlos Soler
36%
Igor Zubeldia
36%
Javi López
32%
Aritz Elustondo
27%
David Silva
23%
Aihen Muñoz
18%
Jon Gorrotxategi
18%
Andoni Gorosabel
14%
Andoni Gorosabel
14%
Ander Guevara
9%
Joseba Zaldúa
9%
Nacho Monreal
9%
Portu
5%
Diego Llorente
0%
Diego Rico
0%
No matching quizzes found
Score Distribution
Percent of People with Each Score
Percentile by Number Answered
Your Score History
You have not taken this quiz since the last reset